| 000 | 00869nam a2200253Ia 4500 | ||
|---|---|---|---|
| 999 |
_c54289 _d54289 |
||
| 001 | 21345 | ||
| 003 | GE_BSU | ||
| 005 | 20210910171453.0 | ||
| 008 | 181216s2017||||ru |||||||||||||| ||rus|| | ||
| 020 | _a9785160123110 | ||
| 040 | _cGE_BSU | ||
| 041 | _arus | ||
| 080 | _a316(075.4) Т-35 | ||
| 100 |
_aТерновая, Л. О. _912451 |
||
| 245 |
_aСоциология воображения международных отношений : _bМонография / _cЛ. О. Терновая. |
||
| 264 |
_aМосква : _bИнфра-М, _c2017. |
||
| 300 |
_a253 стр. : _c 22 см. |
||
| 440 |
_aНаучная мысль _912452 |
||
| 541 | _h63 Л. | ||
| 653 | _aМонография | ||
| 653 | _aСоциология воображения международных отношений | ||
| 653 | _aსოციოლოგია | ||
| 942 |
_cBK _2udc |
||